Rota 66

Guardado en:  
Detalles Bibliográficos
Autor principal: Barcellos, Claudio (Autor)
Tipo de documento: Print Libro
Lenguaje:Portugués
Publicado: São Paulo Ed. Globo 1992
En:Año: 1992
Edición:12. ed.
Verificar disponibilidad: HBZ Gateway
Servicio de pedido Subito: Pedir ahora.

MARC

LEADER 00000cam a22000002c 4500
001 162165009X
003 DE-627
005 20220606121449.0
007 tu
008 940524s1992 xx ||||| 00| ||por c
020 |a 8525011185  |9 85-250-1118-5 
035 |a (DE-627)162165009X 
035 |a (DE-576)039140024 
035 |a (DE-599)BSZ039140024 
040 |a DE-627  |b ger  |c DE-627  |e rakwb 
041 |a por 
100 1 |a Barcellos, Claudio  |4 aut 
245 1 0 |a Rota 66  |c Caco Barcellos 
250 |a 12. ed. 
264 1 |a São Paulo  |b Ed. Globo  |c 1992 
300 |a 274 S. 
336 |a Text  |b txt  |2 rdacontent 
337 |a ohne Hilfsmittel zu benutzen  |b n  |2 rdamedia 
338 |a Band  |b nc  |2 rdacarrier 
583 1 |a Archivierung prüfen  |c 20200919  |f DE-640  |z 1  |2 pdager 
935 |a mkri 
951 |a BO 
ELC |b 1 
LOK |0 000 xxxxxcx a22 zn 4500 
LOK |0 001 3241522997 
LOK |0 003 DE-627 
LOK |0 004 162165009X 
LOK |0 005 19940524000000 
LOK |0 008 940524||||||||||||||||ger||||||| 
LOK |0 040   |a DE-Frei85  |c DE-627  |d DE-Frei85 
LOK |0 852   |a DE-Frei85 
LOK |0 852 1  |m p  |9 00 
LOK |0 938   |k p 
LOK |0 939   |a 24-05-94  |b l01 
ORI |a SA-MARC-krimdoka001.raw